Atlas da História de Portugal (Record no. 45283)

MARC details
000 -Etiqueta do registo
Valores 00376nam a2200169 4500
100 ## - Dados gerais de processamento
Dados gerais 20251209 pory50
101 ## - Língua de publicação
Língua por
102 ## - País de publicação
País PT
200 ## - Titulo e menção de responsabilidade
Título próprio Atlas da História de Portugal
Primeira menção de responsabilidade A. do Carmo reis
205 ## - Menção da edição
Edição 2.ª ed.
210 ## - Publicação
Nome do editor Asa
Data de publicação 1987
215 ## - Descrição física 
Paginação / Volumes 95, [1] p.
Outras indicações físicas il.
675 ## - CDU
Notação 94(469)
801 ## - Fonte de origem
País PT
Regras de catalogação RPC
990 ## - Elementos KOHA
Tipo de documento Livro
Holdings
Aquisição Empréstimo Código de barras Cota Permissão de empréstimo Tipo de documento
Biblioteca Municipal de Redondo Biblioteca Municipal de Redondo 056003 94(469) REI   Livro

Powered by Koha